000 00372nam a2200145Ia 4500
008 150201s2003 xx 000 0 und d
082 _a617.601
_bC2003G
100 _aGLUEK,GEORGE M.
245 _aJONGS COMMUNITY DENTAL HEALTH
250 _a5TH
260 _bMOSBY
_aNEW DELHI
_c2003
300 _a1-514
650 _aPREVENTIVE AND COMMUNITY DENTISTRY
942 _2ddc
_cBK
999 _c3393
_d3393